[Event "IECC M email"]
[Site "IECC email"]
[Date "2001.08.22"]
[Round "?"]
[White "Lumini, Stephen"]
[Black "Johnson, Bernard S"]
[Result "0-1"]
[WhiteElo "1473"]
[BlackElo "1470"]
[PlyCount "57"]
[EventDate "2001.??.??"]
[EventType "tourn (corr)"]
[EventRounds "6"]
[SourceTitle "Corr 2008"]
[Source "ChessBase"]
[SourceDate "2008.06.24"]
[SourceVersion "1"]
[SourceVersionDate "2008.06.24"]
[SourceQuality "1"]

1. d4 e6 2. Nf3 Nf6 3. e4 Nc6 4. e5 Ne4 5. Nbd2 d5 6. c3 Nxd2 7. Bxd2 Be7 8. Bb5 Bd7 9. 0-0 Nxe5 10. Bxd7+ Nxd7 11. Qb3 Nb6 12. Rfe1 0-0 13. Bf4 Bd6 14. Be5 c5 15. dxc5 Bxc5 16. Qb5 Rc8 17. Qd3 Nc4 18. b4 Be7 19. Qc2 Nxe5 20. Nxe5 Bxb4 21. Re3 Qc7 22. Rc1 Bd6 23. Rh3 h6 24. Nf3 Ba3 25. Rd1 Qxc3 26. Qb1 Qb2 27. Qxb2 Bxb2 28. Nd4 Bxd4 29. Rxd4 0-1

[Event "IECC M email"]
[Site "IECC email"]
[Date "2001.07.19"]
[Round "?"]
[White "Kai, Frank"]
[Black "Lumini, Stephen"]
[Result "1-0"]
[WhiteElo "1489"]
[BlackElo "1507"]
[PlyCount "71"]
[EventDate "2001.??.??"]
[EventType "tourn (corr)"]
[EventRounds "6"]
[SourceTitle "Corr 2008"]
[Source "ChessBase"]
[SourceDate "2008.06.24"]
[SourceVersion "1"]
[SourceVersionDate "2008.06.24"]
[SourceQuality "1"]

1. d4 d5 2. c4 dxc4 3. Nf3 Nf6 4. e3 b5 5. a4 c6 6. axb5 cxb5 7. b3 a5 8. Ba3 Bb7 9. bxc4 b4 10. Bb2 e6 11. Bd3 Bd6 12. 0-0 0-0 13. Re1 Ne4 14. Qc2 Ng5 15. Nh4 Nh3+ 16. Kf1 Qxh4 17. g3 Qh6 18. e4 f6 19. Bc1 Bf4 20. gxf4 Nxf4 21. Bxf4 Qxf4 22. Nd2 e5 23. d5 Qxh2 24. Ke2 Bc8 25. Rg1 Qh5+ 26. Ke1 Nd7 27. c5 Ba6 28. Bxa6 Rxa6 29. d6 Rc8 30. Qc4+ Kf8 31. Qxa6 Rxc5 32. Qa8+ Kf7 33. Qa7 Ke6 34. Rd1 g5 35. Qb7 Rc2 36. Qd5# 1-0

[Event "IECC M email"]
[Site "IECC email"]
[Date "1998.09.26"]
[Round "?"]
[White "Lumini, Stephen"]
[Black "Jewell, Barry"]
[Result "0-1"]
[WhiteElo "1582"]
[BlackElo "1518"]
[PlyCount "38"]
[EventDate "1998.??.??"]
[EventType "tourn (corr)"]
[EventRounds "12"]
[SourceTitle "Corr 2008"]
[Source "ChessBase"]
[SourceDate "2008.06.24"]
[SourceVersion "1"]
[SourceVersionDate "2008.06.24"]
[SourceQuality "1"]

1. d4 Nf6 2. d5 d6 3. f3 c6 4. c4 cxd5 5. cxd5 Na6 6. e4 Nc5 7. Bb5+ Bd7 8. Bd3 Qa5+ 9. Nc3 g6 10. a3 Ba4 11. Bc2 Bxc2 12. Qxc2 Ncd7 13. Be3 Bg7 14. b4 Qc7 15. Bd4 0-0 16. Nh3 Rac8 17. 0-0 Qc4 18. Qf2 Nxe4 19. Bxg7 Nxf2 0-1

[Event "IECC M email"]
[Site "IECC email"]
[Date "1998.07.04"]
[Round "?"]
[White "Lumini, Stephen"]
[Black "Miller, Roger"]
[Result "0-1"]
[WhiteElo "1621"]
[BlackElo "1650"]
[PlyCount "40"]
[EventDate "1998.??.??"]
[EventType "tourn (corr)"]
[EventRounds "12"]
[SourceTitle "Corr 2008"]
[Source "ChessBase"]
[SourceDate "2008.06.24"]
[SourceVersion "1"]
[SourceVersionDate "2008.06.24"]
[SourceQuality "1"]

1. e4 e5 2. Nf3 Nf6 3. Nc3 Nc6 4. d4 exd4 5. Nxd4 Bb4 6. f3 0-0 7. a3 Bxc3+ 8. bxc3 d5 9. exd5 Re8+ 10. Be2 Nxd4 11. Qxd4 Qe7 12. Qd1 Nxd5 13. Bd2 Bf5 14. Kf2 Ne3 15. Bxe3 Qxe3+ 16. Kf1 Rad8 17. Qe1 Bxc2 18. Bc4 Qxe1+ 19. Rxe1 Rxe1+ 20. Kxe1 Rd1+ 0-1

[Event "IECC M email"]
[Site "IECC email"]
[Date "1998.05.09"]
[Round "?"]
[White "De Leeuw, Dirk"]
[Black "Lumini, Stephen"]
[Result "1-0"]
[WhiteElo "1798"]
[BlackElo "1589"]
[PlyCount "51"]
[EventDate "1998.??.??"]
[EventType "tourn (corr)"]
[EventRounds "12"]
[SourceTitle "Corr 2008"]
[Source "ChessBase"]
[SourceDate "2008.06.24"]
[SourceVersion "1"]
[SourceVersionDate "2008.06.24"]
[SourceQuality "1"]

1. d4 d5 2. c4 Nf6 3. cxd5 Qxd5 4. Nc3 Qf5 5. f3 c6 6. e4 Qd7 7. Be3 e6 8. Rc1 Qc7 9. Bc4 h6 10. Nge2 Bb4 11. 0-0 Nbd7 12. e5 Nd5 13. Bxd5 exd5 14. Nxd5 cxd5 15. Rxc7 Nb6 16. Qb3 Ba5 17. Qb5+ Bd7 18. Qxa5 0-0 19. Rxb7 Nc4 20. Qc3 a5 21. Rxd7 Rab8 22. Rxd5 Rxb2 23. Qxc4 Rb4 24. Qc2 Rfb8 25. e6 fxe6 26. Rd7 1-0

[Event "IECC M email"]
[Site "IECC email"]
[Date "1998.03.24"]
[Round "?"]
[White "Lumini, Stephen"]
[Black "Geus, Jan Alan"]
[Result "0-1"]
[WhiteElo "1646"]
[BlackElo "1720"]
[PlyCount "42"]
[EventDate "1998.??.??"]
[EventType "tourn (corr)"]
[EventRounds "12"]
[SourceTitle "Corr 2008"]
[Source "ChessBase"]
[SourceDate "2008.06.24"]
[SourceVersion "1"]
[SourceVersionDate "2008.06.24"]
[SourceQuality "1"]

1. c3 d5 2. d4 Nf6 3. e3 e6 4. Nf3 c5 5. b3 b6 6. Ne5 Bd6 7. Nd2 0-0 8. g4 Bxe5 9. dxe5 Nfd7 10. Nf3 Nc6 11. g5 Bb7 12. Bd3 Ndxe5 13. Rg1 Nxf3+ 14. Qxf3 Ne5 15. Qh3 Nxd3+ 16. Kd2 Nxf2 17. Qh5 Ne4+ 18. Kc2 d4 19. exd4 Nxc3 20. Kxc3 Qxd4+ 21. Kc2 Be4# 0-1